| 000 -LEADER |
| fixed length control field |
00356nam a2200145Ia 4500 |
| 008 - FIXED-LENGTH DATA ELEMENTS--GENERAL INFORMATION |
| fixed length control field |
220308s9999 xx 000 0 und d |
| 020 ## - INTERNATIONAL STANDARD BOOK NUMBER |
| International Standard Book Number |
9783037786444 |
| 082 ## - DEWEY DECIMAL CLASSIFICATION NUMBER |
| Classification number |
720.92 |
| 100 ## - MAIN ENTRY--PERSONAL NAME |
| Personal name |
Louis Kahn |
| 245 #0 - TITLE STATEMENT |
| Title |
Louis Kahn Importance Of A Drawing |
| 260 ## - PUBLICATION, DISTRIBUTION, ETC. (IMPRINT) |
| Name of publisher, distributor, etc |
Lars Muller Publishers (6 May 2021) |
| 365 ## - TRADE PRICE |
| Price type code |
EUR |
| 365 ## - TRADE PRICE |
| Unit of pricing |
80 |
| 942 ## - ADDED ENTRY ELEMENTS (KOHA) |
| Source of classification or shelving scheme |
|